| 000 | 00473nam a2200181Ia 4500 | ||
|---|---|---|---|
| 001 | 149586 | ||
| 003 | 243185 | ||
| 005 | 20250221062707.0 | ||
| 008 | ||||||n9999 ||| || || | ||
| 082 | _a3507232 | ||
| 100 |
_aSosa León, Orquidia Elizet Andrea _9183647 |
||
| 245 | 0 | _aAuditorias focalizadas | |
| 562 | _e1 | ||
| 650 | 0 |
_aAuditoría _98206 |
|
| 650 | 0 |
_aCONTROL INTERNO _912480 |
|
| 650 | 0 |
_aAdministradores Públicos (Bogotá) _9135945 |
|
| 942 | _cTESIS | ||
| 999 |
_c149586 _d149586 |
||